000 00324nam a2200121Ia 4500
008 220204s9999 xx 000 0 und d
082 _a632.9:001.814
_bADV. 6
245 0 _aAdvances in pest control research. V 6.
260 _aNew York
_bWiley
_c1965
650 _aPest control
650 _aPlant chemotheraphy
942 _cBK
999 _c21284
_d21284